000 00861nam a2200217Ia 4500
999 _c40121
_d40121
001 6727
003 GE_BSU
005 20191217145032.0
008 181216s1962||||ge |||||||||||||| ||geo||
040 _cGE_BSU
041 _ageo
080 _a821.353.1-1 გ-30
100 _aგელაძე, ლევან.
_95816
245 _aტალღები და თოლიები :
_bლექსები /
_cლევან გელაძე ; რედ. ნ. ნოღაიდელი.
264 _aბათუმი :
_bსახელმწიფო გამომცემლობა,
_c1962.
300 _a93 გვ. ;
_c17 სმ.
653 _aლექსები
653 _aტალღები და თოლიები
700 _aნოღაიდელი, ნ.
_eრედაქტორი
_95817
942 _cBK
_2udc